Presidents of Brazil by Picture - Statistics

General Stats
  • This quiz has been taken 166 times
  • The average score is 23 of 36
Answer Stats
Picture Hint Answer % Correct
2019-2022 Jair Bolsonaro
93%
2003-2010 | 2023-Present Luiz Inácio Lula da Silva
93%
2011-2016 Dilma Rousseff
87%
1930-1945 | 1951-1954 Getúlio Vargas
87%
2016-2018 Michel Temer
87%
1891 Deodoro da Fonseca
82%
1995-2002 Fernando Henrique Cardoso
82%
1961-1964 João Goulart
79%
1985-1990 José Sarney
77%
1891-1894 Floriano Peixoto
74%
1992-1994 Itamar Franco
74%
1961 Jânio Quadros
74%
1967-1969 Artur da Costa e Silva
73%
1964-1967 Humberto de Alencar Castelo Branco
73%
1956-1961 Juscelino Kubitschek
73%
1990-1992 Fernando Collor de Mello
70%
1979-1985 João Figueiredo
67%
1969-1974 Emílio Garrastazu Médici
66%
1974-1979 Ernesto Geisel
65%
1954-1955 Café Filho
62%
1946-1951 Eurico Gaspar Dutra
61%
1926-1930 Washington Luís
61%
1910-1914 Hermes da Fonseca
58%
1909-1910 Nilo Peçanha
56%
1894-1898 Prudente de Morais
55%
1906-1909 Afonso Pena
50%
1922-1926 Arthur Bernardes
50%
1961 | 1964 Pascoal Ranieri Mazzilli
50%
1898-1902 Manuel Ferraz de Campos
47%
1914-1918 Venceslau Brás
45%
1919-1922 Epitácio Pessoa
44%
1955 Carlos Luz
42%
1918-1919 Delfim Moreira
42%
1945-1946 José Linhares
41%
1902-1906 Francisco de Paula Rodriguez Alves
39%
1955-1956 Nereu Ramos
39%
No matching quizzes found
Score Distribution
Percent of People with Each Score
Percentile by Number Answered
Your Score History
You have not taken this quiz